000 00547cam a22002291 4500
001 sa 64007187
003 DLC
005 20260227112044.0
008 890807s1964 ii 000 0 urdr
010 _asa 64007187
035 _a(OCoLC)20137354
040 _aDLC
_cWaU
_dDLC
042 _apremarc
050 0 0 _aPK2200.N33
_bM8
100 0 _aNaresh Kumār,
_d1928-1969.
245 1 0 _aMut̤ālaʻe.
260 _c[1964]
300 _a189 p.
_c18 cm.
500 _aIn Urdu.
500 _aText partially vocalized.
650 0 _aUrdu poetry.
999 _c60089
_d60089